| 000 | 00453nam a22001817a 4500 | ||
|---|---|---|---|
| 005 | 20230414111701.0 | ||
| 008 | 230414b |||||||| |||| 00| 0 eng d | ||
| 020 | _a978-1-138-09873-2 | ||
| 041 | _aeng | ||
| 082 | _a610 MAN-F | ||
| 100 |
_aMANTUS, DAVID AND PISANO, DOUGLAS J. _97753 |
||
| 245 | _aFDA REGULATORY AFFAIRS | ||
| 250 | _a3rd ed. | ||
| 260 | _bCRS PRESS | ||
| 300 | _a387;P. | ||
| 650 |
_aPHARMACY _xB. PHARMA _97754 |
||
| 942 | _cBK | ||
| 999 |
_c8289 _d8287 |
||